Spirits of protest : spirit-mediums and the articulation of consemsus among the Zeruru of Southern Rhodesia (Zimbabwe)

Saved in:
Bibliographic Details
Main Author: Fry, Peter
Format: Book
Language:English
Published: Cambridge : Cambridge University Press, 1976
Series:Cambridge studies in social anthropology ; ; 14
Subjects:
Tags: Add Tag
No Tags, Be the first to tag this record!

MARC

LEADER 00000nam a2200000 i 4500
001 1/63080
008 930922s eng d
020 |a 0-521-21052-6 
035 |a ΛΕΣΒΟΣb10001150  |l 10001150 
040 |a GR-MY-UA  |b gre  |e aacr 
041 0 |a eng 
082 0 |a 299.6 
100 1 |a Fry, Peter. 
245 1 0 |a Spirits of protest :  |b spirit-mediums and the articulation of consemsus among the Zeruru of Southern Rhodesia (Zimbabwe) /  |c Peter Fry 
260 |a Cambridge :   |b Cambridge University Press,   |c 1976 
300 |a 145 p.;  |c 22,50 cm. 
490 1 |a Cambridge studies in social anthropology 
500 |a Authorized fascimile, made from the master copy of the original book 
504 |a Includes bibliographical references and index 
650 0 0 |a Zezuru (African people)  |x Religion. 
650 0 0 |a Spiritualism  |x Zimbabwe African People's Union. 
830 0 |a Cambridge studies in social anthropology ;  |v ; 14 
852 |a INST  |b LESVOS  |e 19930922  |h 299.6 FRY  |p 005100003824  |q 005100003824  |t BK  |y 0 
909 |a Λ  |b 013886